=LDR 00000nam 2200000 4500 =001 001146 =005 20250714094325 =035 ##$$a 0010-0725001030 =007 ta =008 250714################a##########0#ind## =020 ##$$a 978-623-118-899-1 =082 ##$$a 398.209 598 =084 ##$$a 398.209 598 TYA b =100 #$$a Tyas KW =245 1#$$a Buku suara lita /$c Tyas KW =250 ##$$a Cetakan pertama =260 ##$$a Rawamangun :$b Badan pengembangan dan pembinaan bahasa,$c 2022 =300 ##$$a 32hlm. : $b Ilus. ; $c 29,7cm =650 #4$$a Cerita anak-indonesia